Southville International School and Colleges
Your cart is empty.
  • Cart
  • Lists
    Public lists Eva Luna New books Lux_list list_1
    Your lists Log in to create your own lists
  • Log in to your account
  • Your cookies
  • Search history
Southville International School and Colleges
  • Advanced search
  • Recent comments
  • Most popular
  • Libraries

Log in to your account

Log in with GOOGLE


If you do not have an external account, but do have a local account, you can still log in:

  1. Home
  2. MARC view: The law on obligations and contracts /
Normal view MARC view ISBD view

The law on obligations and contracts / (Record no. 121508)

[ view plain ]
MARC details
000 -LEADER
fixed length control field 00524nam a2200181Ia 4500
003 - CONTROL NUMBER IDENTIFIER
control field PILC
005 - DATE AND TIME OF LATEST TRANSACTION
control field 20150929103434.0
008 - FIXED-LENGTH DATA ELEMENTS--GENERAL INFORMATION
fixed length control field 140626s9999 xx 000 0 und d
020 ## - INTERNATIONAL STANDARD BOOK NUMBER
International Standard Book Number 9789712350429
050 ## - LIBRARY OF CONGRESS CALL NUMBER
Classification number KPM 810
Item number .D45 2008
100 ## - MAIN ENTRY--PERSONAL NAME
Personal name De Leon, Hector S.
245 ## - TITLE STATEMENT
Title The law on obligations and contracts /
Statement of responsibility, etc Hector S. De Leon
250 ## - EDITION STATEMENT
Edition statement 2008 Revised edition.
260 ## - PUBLICATION, DISTRIBUTION, ETC. (IMPRINT)
Place of publication, distribution, etc Manila, Philippines :
Name of publisher, distributor, etc Rex Book Store,
Date of publication, distribution, etc 2008.
300 ## - PHYSICAL DESCRIPTION
Extent 459 pages ;
Dimensions 23 cm.
942 ## - ADDED ENTRY ELEMENTS (KOHA)
Call number prefix Local
Koha item type Books
Source of classification or shelving scheme Library of Congress Classification
Holdings
Withdrawn status Lost status Source of classification or shelving scheme Damaged status Home library Current library Shelving location Date acquired Source of acquisition Cost, normal purchase price Total Checkouts Total Renewals Full call number Barcode Date last seen Date checked out Price effective from Koha item type
    Library of Congress Classification   Archives Archives   06/26/2014 Donation 386.00 9 45 KPM 810 .D45 2008 C12688 05/08/2018 01/05/2018 06/26/2014 Books
    Library of Congress Classification   Archives Archives   09/29/2015 Donation   2 13 KPM 810 .D45 2008 C20077 06/13/2018 06/13/2018 09/29/2015 Books

The law on obligations and contracts /

APA

De Leon H. S., . (2008). The law on obligations and contracts. Manila, Philippines: Rex Book Store.

Chicago

De Leon Hector S, . 2008. The law on obligations and contracts. Manila, Philippines: Rex Book Store.

Harvard

De Leon H. S., . (2008). The law on obligations and contracts. Manila, Philippines: Rex Book Store.

MLA

De Leon Hector S, . The law on obligations and contracts. Manila, Philippines: Rex Book Store. 2008.

  • Place hold
  • Print
  • Cite
  • Add to your cart (remove)
  • Save record
    BIBTEX Dublin Core MARCXML MARC (non-Unicode/MARC-8) MARC (Unicode/UTF-8) MARC (Unicode/UTF-8, Standard) MODS (XML) RIS
  • More searches
    Search for this title in:
    Other Libraries (WorldCat) Other Databases (Google Scholar) Online Stores (Bookfinder.com) Open Library (openlibrary.org)

Exporting to Dublin Core...

SOUTHVILLE LIBRARY

Southville International School and Colleges Library

1281 Tropical Ave. Cor. Luxembourg St., BF Homes International, Las Pinas City

Tel. No. 8256374 / 252358 Loc. 117/146

Powered by Koha